Don't Blame Me lyrics - Statistics

General Stats
  • This quiz has been taken 244 times
  • The average score is 275 of 321
Answer Stats
Lyrics % Correct
blame
100%
Don't
100%
I
99%
me,
99%
me
99%
you
99%
you,
99%
a
98%
love
98%
the
97%
be
96%
for
96%
For
96%
it
96%
crazy
95%
if
95%
If
95%
made
95%
my
95%
My
95%
of
95%
right
95%
life
94%
life,
94%
Lord,
94%
doesn't,
93%
doin'
93%
is
93%
ain't
92%
baby,
92%
baby
92%
drug
92%
rest
92%
save
92%
usin'
92%
your
92%
time
90%
time,
90%
I'd
86%
in
86%
to
85%
I've
84%
would
83%
been
82%
I'm
82%
oh
82%
oh,
82%
and
81%
And
81%
on
81%
was
81%
Just
80%
just
80%
long
78%
but
75%
this
75%
so
74%
say
72%
mind
71%
now
70%
They
70%
beg
69%
breakin'
69%
cross
69%
knees
69%
line
69%
far
68%
first
68%
hearts
68%
stay
68%
touch
68%
you're
68%
You're
68%
away,
67%
face
67%
waste
67%
name
66%
once
66%
with
66%
decide,
65%
whatever
65%
daisy
64%
lose
64%
poison
64%
she's
64%
call
63%
every
63%
gone
63%
walk
63%
from
61%
mine
61%
fall
60%
gonna
60%
grace
60%
guys
60%
ivy,
60%
shakin'
60%
Something
60%
them
60%
lovin'
59%
need
58%
paradise,
58%
happened
57%
play
57%
Halo,
56%
get
55%
toyin'
55%
insane,
54%
Echoes,
53%
hiding
53%
high,
53%
inside
53%
obsession
53%
older
53%
things
53%
touchin'
53%
darkest
52%
yeah,
50%
use
45%
little
44%
Trip
39%
pacin'
36%
head
21%
No matching quizzes found
Score Distribution
Percent of People with Each Score
Percentile by Number Answered
Your Score History
You have not taken this quiz